| 000 | 00963nam a2200241 i 4500 | ||
|---|---|---|---|
| 001 | 128996 | ||
| 003 | ES-MaACL | ||
| 005 | 20240322170803.0 | ||
| 007 | t| | ||
| 008 | 070601s1965 mx ||||1| spa d | ||
| 080 | _a860(72)-2"1963" | ||
| 245 | 0 | 0 |
_aTeatro mexicano _b: 1963 / _cselección, prólogo y apéndice de Antonio Magaña Esquivel. |
| 260 |
_aMéxico, etc. : _bAguilar, _c1965. |
||
| 300 |
_a324 p. : _bil. ; _c21 cm. |
||
| 505 | 8 | _aContiene: La guerra de las gordas / Salvador Novo.-- Silencio, pollos pelones, ya les van a echar su maiz! / Emilio Carballido.-- Ensalada de Nochebuena / Rafael Solana.-- Los duendes / Luisa Josefina Hernández | |
| 700 | 1 |
_aMagaña Esquivel, Antonio. _975446 |
|
| 700 | 1 |
_aNovo, Salvador, _d1904-1974 _986083 |
|
| 700 | 1 |
_aCarballido, Emilio. _934996 |
|
| 700 | 1 |
_aSolana, Rafael. _9107071 |
|
| 700 | 1 |
_aHernández, Luisa Josefina. _962832 |
|
| 852 |
_aES-MaACL _jC-56377 _bR.89111 |
||
| 999 |
_c128996 _d128996 |
||